书目信息 |
| 题名: |
基础物理化学
|
|
| 作者: | 蔡炳新 主编 ;胡瑶村 , 刘跃龙 , 肖晓明 编著 ;湖南大学化学化工学院 组编 | |
| 分册: | 上册 | |
| 出版信息: | 北京 科学出版社 2001 |
|
| 页数: | 19,596页 | |
| 开本: | 23cm | |
| 丛书名: | ||
| 单 册: | ||
| 中图分类: | O64 | |
| 科图分类: | ||
| 主题词: | 物理化学--高等学校--教材 , 物理化学 | |
| 电子资源: | ||
| ISBN: | 7-03-009413-1 | |
| 000 | 01237nam0 2200301 450 | |
| 001 | 012007400259 | |
| 005 | 20070515111729.26 | |
| 010 | @a7-03-009413-1@dCNY46.00 | |
| 100 | @a20070424d2001 km y0chiy0120 ea | |
| 101 | 0 | @achi |
| 102 | @aCN@b110000 | |
| 105 | @ay z 001yy | |
| 106 | @ar | |
| 200 | 1 | @a基础物理化学@Aji chu wu li hua xue@h上册@f蔡炳新主编@Fcai bing xin zhu bian@g胡瑶村,刘跃龙,肖晓明编著@Ghu yao cun,liu yue long,xiao xiao ming bian zhu@g湖南大学化学化工学院组编@Ghu nan da xue hua xue hua gong xue yuan zu bian |
| 210 | @a北京@c科学出版社@d2001 | |
| 215 | @a19,596页@d23cm | |
| 300 | @a国家工科化学基础课程教学基地 (湖南大学)化学主干课程系列教材之一 | |
| 330 | @a本册包括化学中的一些基本量与气体,热力学第一定律及其应用,多组分系统的组分性质与混合性质,化学平衡,电解质离子的电迁性质、电化学基础知识及其应用等。 | |
| 606 | 0 | @a物理化学@x高等学校@j教材 |
| 606 | 0 | @a物理化学 |
| 690 | @aO64@v4 | |
| 701 | 0 | @a蔡炳新@Acai bing xin@4主编 |
| 702 | 0 | @a胡瑶村@Ahu yao cun@4编著 |
| 702 | 0 | @a刘跃龙@Aliu yue long@4编著 |
| 702 | 0 | @a肖晓明@Axiao xiao ming@4编著 |
| 712 | 02 | @a湖南大学化学化工学院@Ahu nan da xue hua xue hua gong xue yuan@4组编 |
| 801 | 0 | @aCN@bRULIN@c20070515 |
| 905 | @dO64@e100:1@s5 | |
| 基础物理化学.上册/蔡炳新主编/胡瑶村,刘跃龙,肖晓明编著/湖南大学化学化工学院组编.-北京:科学出版社,2001 |
| 19,596页;23cm |
| 国家工科化学基础课程教学基地 (湖南大学)化学主干课程系列教材之一 |
| ISBN 7-03-009413-1:CNY46.00 |
| 本册包括化学中的一些基本量与气体,热力学第一定律及其应用,多组分系统的组分性质与混合性质,化学平衡,电解质离子的电迁性质、电化学基础知识及其应用等。 |
| ● |
| 相关链接 |
|
|
|
|
正题名:基础物理化学
索取号:O64/100:1
 
预约/预借
| 序号 | 登录号 | 条形码 | 馆藏地/架位号 | 状态 | 备注 |
| 1 | 0570369 | 205703693 | 第二样本阅览室/ [索取号:O64/100:1] | 在馆 | |
| 2 | 0570370 | 205703700 | 第三借阅区/ [索取号:O64/100:1] | 在馆 | |
| 3 | 0570371 | 205703719 | 第三借阅区/ [索取号:O64/100:1] | 在馆 | |
| 4 | 0570372 | 205703728 | 第三借阅区/ [索取号:O64/100:1] | 在馆 | |
| 5 | 0570373 | 205703737 | 第三借阅区/ [索取号:O64/100:1] | 在馆 |